Grand Beatbox Battle 2025 (GBB25) - Statistics

General Stats
  • This quiz has been taken 78 times
  • The average score is 47 of 91
Answer Stats
Solo % Correct
🇰🇷WING
92%
🇰🇷DICE
89%
🇫🇷PACMax
89%
🇰🇷Hiss
84%
🇯🇵KAJI
84%
🇧🇪Yaswede
84%
🇦🇺Codfish
81%
🇬🇧D-low
81%
🇫🇷Martin Benati
81%
🇺🇸NaPoM
78%
🇮🇪Osis
78%
🇯🇵MAHIRO
76%
🇫🇷River'
76%
🇮🇹BlackRoll
73%
🇺🇸King Inertia
73%
🇿🇦Remix
73%
🇯🇵SO-SO
73%
🇨🇦DEN
70%
🇮🇱Max
70%
🇫🇷Saro
70%
🇧🇬SkilleR
70%
🇯🇵JUNNO
68%
🇩🇰KBA
68%
🇧🇬MaxO
68%
🇫🇷Mirsa
68%
🇲🇾Stitch
68%
🇩🇪Syjo
68%
🇬🇧Beardyman
65%
🇷🇺Inkie
65%
🇫🇷Julard
65%
🇧🇬MaxSkill
65%
🇰🇷Steady
65%
🇰🇿Dropical
62%
🇫🇷Fresh Tonic
62%
🇻🇳Trung Bao
62%
🇫🇷Colaps
59%
🇺🇸Gene Shinozaki
59%
🇭🇺Kristof
59%
🇪🇸Nils
59%
🇸🇦ABO ICE
57%
🇨🇴EXALLOS
57%
🇺🇸Pono
57%
🇷🇺Improver
54%
🇯🇵MiCo
54%
🇫🇷Alexinho
51%
🇺🇸Amit
51%
🇮🇳Raje
51%
🇨🇿Watt
51%
🇬🇧Ball-Zee
49%
🇫🇷Bookie Blanco
49%
🇺🇸Kenny Urban
49%
🇧🇬Pe4enkata
49%
🇺🇸The Beatbox House
49%
🇺🇸Chris Celiz
46%
🇮🇷Future Monster
46%
🇨🇳LFO
46%
🇺🇸Josh O
43%
🇫🇷MB14
43%
🇯🇵🇰🇷orbitt
43%
🇨🇦Scott Jackson
43%
🇮🇷CJ
41%
🇮🇷KARA
41%
🇯🇵John-T
38%
🇯🇵NERO
38%
🇯🇵🇺🇸tako
35%
🇨🇳Zhang Ze
35%
🇺🇸equilibrium
32%
🇯🇵Riku Matsushima
32%
🇰🇷Serpent
32%
🇺🇸clutch.
30%
🇯🇵momimaru
30%
🇯🇵Recoll
30%
🇯🇵CoLoA
27%
🇯🇵Dari
27%
🇺🇸Jovial
27%
🇯🇵Mizuki
27%
🇯🇵Ray
27%
🇨🇳Timbre, The Carrier
27%
🇯🇵Darren
24%
🇫🇷OSY
24%
🇫🇷AëlMight
22%
🇨🇳CHEEZE
22%
🇫🇷Epock
22%
🇨🇳JDY
22%
🇯🇵T2
22%
🇫🇷Tunecinoo
22%
🇫🇷Kowler Rangers
19%
🇯🇵yuto
19%
🇯🇵ZaChoo
19%
🇯🇵Bataco
14%
🇨🇭FunkAzteK
14%
No matching quizzes found
Score Distribution
Percent of People with Each Score
Percentile by Number Answered
Your Score History
You have not taken this quiz